Catálogo
 En Linea

Hecho en RD / (Registro nro. 60638)

Detalles MARC
000 -CABECERA
campo de control de longitud fija 01751nas a2200325 i 4500
001 - NÚMERO DE CONTROL
campo de control 48787
003 - IDENTIFICADOR DEL NÚMERO DE CONTROL
campo de control DR-UNIBE
005 - FECHA Y HORA DE LA ÚLTIMA TRANSACCIÓN
campo de control 20260430142528.0
007 - CAMPO FIJO DE DESCRIPCIÓN FÍSICA--INFORMACIÓN GENERAL
campo de control de longitud fija ta
008 - DATOS DE LONGITUD FIJA--INFORMACIÓN GENERAL
campo de control de longitud fija 260430e2012 dr mn|p|r||||||0| | spa d
040 ## - FUENTE DE LA CATALOGACIÓN
Centro catalogador/agencia de origen BIBLIOTECA UNIBE
Centro/agencia transcriptor BIBLIOTECA UNIBE
Lengua de catalogación spa
Centro/agencia modificador DO-SdBNP
Normas de descripción rda
041 ## - CÓDIGO DE LENGUA
Código de lengua del texto/banda sonora o título independiente spa
110 ## - ENTRADA PRINCIPAL--NOMBRE DE ENTIDAD CORPORATIVA
Nombre de entidad corporativa o nombre de jurisdicción como elemento de entrada Asociación de Industrias de la República Dominicana
9 (RLIN) 71546
245 ## - MENCIÓN DE TÍTULO
Título Hecho en RD /
Mención de responsabilidad, etc. Asociación de Industrias de la República Dominicana.
264 ## - PRODUCCIÓN, PUBLICACIÓN, DISTRIBUCIÓN, FABRICACIÓN Y COPYRIGHT
Producción, publicación, distribución, fabricación y copyright Santo Domingo, República Dominicana :
Nombre del de productor, editor, distribuidor, fabricante Asociación de Industrias de la República Dominicana
Fecha de producción, publicación, distribución, fabricación o copyright 2012.
300 ## - DESCRIPCIÓN FÍSICA
Extensión volumen :
Otras características físicas ilustraciones, fotografías, gráficas ;
Dimensiones 20 x 28 cm
310 ## - PERIODICIDAD ACTUAL
Periodicidad actual Mensual.
336 ## - TIPO DE CONTENIDO
Término de tipo de contenido texto
Código de tipo de contenido txt
Fuente rdacontent
337 ## - TIPO DE MEDIO
Nombre/término del tipo de medio sin mediación
Código del tipo de medio n
Fuente rdamedia
338 ## - TIPO DE SOPORTE
Nombre/término del tipo de soporte volumen
Código del tipo de soporte nc
Fuente rdacarrier
362 ## - FECHAS DE PUBLICACIÓN Y/O DESIGNACIÓN SECUENCIAL
Fecha de publicación y/o designación secuencial Volumen 2, Número 3 (abril 2012).
500 ## - NOTA GENERAL
Nota general Catalogación basada en el: Volumen 2, Número 3 (abril 2012).
500 ## - NOTA GENERAL
Nota general La AIRD: es la organización empresarial más grande y representativa del sector industrial en la República Dominicana, que agrupa a más de 200 empresas y asociaciones regionales y sectoriales de la industria en todo el territorio nacional.
520 ## - SUMARIO, ETC.
Sumario, etc. Revista líder que identifica al sector industrial dominicano, la cual analiza a profundidad los principales temas vinculados al sector industrial y a la economía nacional e internacional.
650 ## - PUNTO DE ACCESO ADICIONAL DE MATERIA--TÉRMINO DE MATERIA
Término de materia o nombre geográfico como elemento de entrada Producción
Subdivisión de forma Publicaciones periódicas
Subdivisión geográfica República Dominicana
9 (RLIN) 34516
651 ## - PUNTO DE ACCESO ADICIONAL DE MATERIA--NOMBRE GEOGRÁFICO
Nombre geográfico República Dominicana
Subdivisión general Comercio exterior
Subdivisión de forma Publicaciones periódicas
9 (RLIN) 22638
Subdivisión geográfica República Dominicana
651 ## - PUNTO DE ACCESO ADICIONAL DE MATERIA--NOMBRE GEOGRÁFICO
Nombre geográfico República Dominicana
Subdivisión general Industrias
9 (RLIN) 185529
856 ## - LOCALIZACIÓN Y ACCESO ELECTRÓNICOS
Identificador Uniforme del Recurso <a href="https://aird.org.do/es/publicaciones/revista-hechoenrd/">https://aird.org.do/es/publicaciones/revista-hechoenrd/</a>
942 ## - ELEMENTOS DE PUNTO DE ACCESO ADICIONAL (KOHA)
Fuente del sistema de clasificación o colocación Dewey Decimal Classification
Tipo de ítem Koha Publicación periódica
Existencias
Estado de retiro Estado de pérdida Fuente del sistema de clasificación o colocación Estado dañado Restricciones de uso No para préstamo Código de colección Localización permanente Ubicación/localización actual Fecha de adquisición Enumeración/cronología de publicación seriada Total de préstamos Código de barras Fecha visto por última vez Número de copia Precio válido a partir de Tipo de ítem Koha Nota pública
    Dewey Decimal Classification   Préstamo en sala   Hemeroteca Biblioteca Nacional Pedro Henríquez Ureña Biblioteca Nacional Pedro Henríquez Ureña 30.04.2026 Volumen 2, Número 3 (abril 2012)   2026-3461 30.04.2026 e.1 30.04.2026 Publicación periódica Disponible para consulta en: Hemeroteca.
    Dewey Decimal Classification   Préstamo en sala   Hemeroteca Biblioteca Nacional Pedro Henríquez Ureña Biblioteca Nacional Pedro Henríquez Ureña 30.04.2026 Volumen 2, Número 4 (mayo 2013)   2026-3462 30.04.2026 e.1 30.04.2026 Publicación periódica Disponible para consulta en: Hemeroteca.
    Dewey Decimal Classification   Préstamo en sala   Hemeroteca Biblioteca Nacional Pedro Henríquez Ureña Biblioteca Nacional Pedro Henríquez Ureña 30.04.2026 Volumen 2, Número 4 (mayo 2013)   2026-3489 30.04.2026 e.2 30.04.2026 Publicación periódica Disponible para consulta en: Hemeroteca.
    Dewey Decimal Classification   Préstamo en sala   Hemeroteca Biblioteca Nacional Pedro Henríquez Ureña Biblioteca Nacional Pedro Henríquez Ureña 30.04.2026 Volumen 3, Número 5 (noviembre 2013)   2026-3490 30.04.2026 e.1 30.04.2026 Publicación periódica Disponible para consulta en: Hemeroteca.
    Dewey Decimal Classification   Préstamo en sala   Hemeroteca Biblioteca Nacional Pedro Henríquez Ureña Biblioteca Nacional Pedro Henríquez Ureña 30.04.2026 Volumen 3, Número 6 (junio 2014)   2026-3463 30.04.2026 e.1 30.04.2026 Publicación periódica Disponible para consulta en: Hemeroteca.
    Dewey Decimal Classification   Préstamo en sala   Hemeroteca Biblioteca Nacional Pedro Henríquez Ureña Biblioteca Nacional Pedro Henríquez Ureña 30.04.2026 Volumen 4, Número 7 (octubre 2014)   2026-3464 30.04.2026 e.1 30.04.2026 Publicación periódica Disponible para consulta en: Hemeroteca.
    Dewey Decimal Classification   Préstamo en sala   Hemeroteca Biblioteca Nacional Pedro Henríquez Ureña Biblioteca Nacional Pedro Henríquez Ureña 30.04.2026 Volumen 4, Número 8 (junio 2015)   2026-3465 30.04.2026 e.1 30.04.2026 Publicación periódica Disponible para consulta en: Hemeroteca.
    Dewey Decimal Classification   Préstamo en sala   Hemeroteca Biblioteca Nacional Pedro Henríquez Ureña Biblioteca Nacional Pedro Henríquez Ureña 30.04.2026 Volumen 4, Número 9 (noviembre 2015)   2026-3466 30.04.2026 e.1 30.04.2026 Publicación periódica Disponible para consulta en: Hemeroteca.

Con tecnología Koha